000 00534nam a2200217Ia 4500
003 OSt
005 20220924133415.0
006 a|||||r|||| 00| 0
007 ta
008 220923b |||||||| |||| 00| 0 snd d
024 _a265159
037 _cTextual
040 _aARTS
_cARTS
_bsnd
041 _2snd
_asnd
082 _aO111:3NFL,1, 1593K2
100 _aFlemeing
_9206363
245 0 _aGold finger
260 _c1962
942 _hO111:3NFL,1, 1593K2
_cTEXL
_2CC
999 _c433701
_d433701